ბათუმის შოთა რუსთაველის სახელმწიფო უნივერსიტეტის ბიბლიოთეკა

Краткий справочник агронома (ბიბ.ჩანაწერი № 45979)

000 -LEADER
fixed length control field 00554nam a2200193Ia 4500
001 - CONTROL NUMBER
control field 12808
003 - CONTROL NUMBER IDENTIFIER
control field GE_BSU
008 - FIXED-LENGTH DATA ELEMENTS--GENERAL INFORMATION
fixed length control field 181216s||||||||xx |||||||||||||| ||und||
040 ## - CATALOGING SOURCE
Transcribing agency GE_BSU
080 ## - UNIVERSAL DECIMAL CLASSIFICATION NUMBER
Universal Decimal Classification number 63:54(035)
100 ## - MAIN ENTRY--PERSONAL NAME
Personal name Забазный,П.А. Буряков,Ю.П. Карцев,Ю.Г. и др.
245 ## - TITLE STATEMENT
Title Краткий справочник агронома
260 ## - PUBLICATION, DISTRIBUTION, ETC.
Place of publication, distribution, etc. Москва
260 ## - PUBLICATION, DISTRIBUTION, ETC.
Name of publisher, distributor, etc. Колос
260 ## - PUBLICATION, DISTRIBUTION, ETC.
Date of publication, distribution, etc. 1983
300 ## - PHYSICAL DESCRIPTION
Extent 320стр.20см.
653 ## - INDEX TERM--UNCONTROLLED
Uncontrolled term Краткий справочник агронома
942 ## - ADDED ENTRY ELEMENTS (KOHA)
Koha item type წიგნი
ეგზემპლარები
Withdrawn status Lost status Damaged status Not for loan Date acquired Barcode Date last seen Price effective from Koha item type
        2018-12-17 21017 2018-12-17 2018-12-17 წიგნი